LEADER 01209nam a2200277 u 4500 001 000000090400 003 CaOOAMICUS 005 20070226124723.0 008 051004s2005 oru u000 u eng u 020 $a1-84113-486-4 035 $a11072378 040 $aPUL$bita 245 10$aDisability rights in Europe :$bfrom theory to practice /$cedited by Anna Lawson, Caroline Gooding. 260 $aOxford,Portland :$bHart Publishing,$c2005. 300 $axxxv, 323 p. ;$c24 cm 500 $aIndice : p.[319]-323. 500 $aAppendici : p.[283]-315. 504 $aInclude note bibliografiche. 610 14$aUnione europea$xPolitica sociale.$0(OLS)http://pul/subject/28012 650 4$aDiritti umani$xTutela internazionale.$0(OLS)http://pul/subject/20165 850 $aPUL 852 $aPUL$W1$xSL Diritto e Scienze Sociali 3$y79$m362. 4 LAWAN 1$j114095$nBK-PRI$b $qDDC 21$B114095$CPULBib$Z2$F114095 $HPUL99332 $81 941 1 $a9 996 $6020$a1-84113-486-4$9(OLS)http://pul/number/118547 996 $6245$aDisability rights in Europe :$bfrom theory to practice$9(OLS)http://pul/title/116760 996 $6260$aOxford,Portland :$bHart Publishing$9(OLS)http://pul/publisher/78426 LEADER 01150nam a2200289 u 4500 001 000000150305 003 CaOOAMICUS 005 20160310171955.0 008 160310s1993 vc u000 u ita u 032 $aLibriCat 040 $aPUL$bita 082 14$a294.5 100 1 $aAcharuparambil, Daniel.$0(OLS)http://pul/name/14224 245 10$aInduismo religione e filosofia /$cDaniel Acharuparambil. 260 $aRoma :$bUrbaniana University Press,$c1996. 300 $a591 p. ;$c22 cm 490 1 $aPontificia Universitas Urbaniana. Subsidia Urbaniana ;$v60 504 $aBibliografia: p. 377-396. 650 4$aInduismo.$0(OLS)http://pul/subject/21774 830 0$aSubsidia Urbaniana ;$v60.$0(OLS)http://pul/title/7818 850 $aPUL 852 $aPUL$W1$xSL Religione 3$y85$m294. 5 ACHDA 1$j172869$qDDC 21$B174811$CPULBib$Z2$F174811 $H127460 $81 941 1 $a9 996 $6082$a294.5$9(OLS)http://pul/classification/754 996 $6245$aInduismo religione e filosofia$9(OLS)http://pul/title/189412 996 $6260$aRoma :$bUrbaniana University Press$9(OLS)http://pul/publisher/62281